Statistics for Countries that colonize Africa with map

Click here to take the quiz!

General Stats

  • This quiz has been taken 176 times
    (173 since last reset)
  • The average score is 45 of 52

Answers on the Map

Answers color-coded by a green-red scale on the quiz's map according to % correct below.
 

Answer Stats

Country% Correct
Morocco
95%
Cameroon
92%
Namibia
92%
Togo
92%
Algeria
90%
Benin
90%
Burkina Faso
90%
Central African Republic
90%
Chad
90%
Comoros
90%
Congo
90%
Djibouti
90%
Gabon
90%
Guinea
90%
Ivory Coast
90%
Madagascar
90%
Mali
90%
Mauritania
90%
Niger
90%
Senegal
90%
Tunisia
90%
Botswana
89%
Egypt
89%
Eswatini
89%
Gambia
89%
Ghana
89%
Kenya
89%
Lesotho
89%
Malawi
89%
Mauritius
89%
Nigeria
89%
Seychelles
89%
Sierra Leone
89%
South Africa
89%
Tanzania
89%
Uganda
89%
Zambia
89%
Zimbabwe
89%
South Sudan
87%
Sudan
87%
Burundi
80%
Rwanda
80%
Equatorial Guinea
74%
Angola
72%
Cape Verde
72%
Guinea-Bissau
72%
Mozambique
72%
Sao Tome and Principe
72%
Eritrea
70%
Libya
70%
Somalia
70%
DR Congo
61%

Score Distribution

Percentile by Number Answered

Percent of People with Each Score

Your Score History

You have not taken this quiz since the last reset